000 01483cam a2200289 4500
001 ABS66707
008 030527n2003 000 0 eng u
035 _a(Sirsi) u122409
100 _aNelson, M.
245 _aWork in progress
260 _c2003
490 _aFire Engineers' Journal
_v62(232) May 2003, 52-54(3)
520 _aLooks at some of the on-site safety problems facing UK construction firms. Highlights the high number of hazardous situations which occur on such a site, the varied skills of employees and the increasing use of foreign workers, driven by the skills shortage. The introduction of new legislation over the last 10 years has improved the statistics. The introduction by firms of a health and safety plan, emergency plans, means of escape and adequate response to fire will all help lessen the number of incidents and the financial impact of such events.
590 _aABS
650 _aEMERGENCY PLANS
650 _aSKILLS SHORTAGE
650 _aMEANS OF ESCAPE
650 _aMANAGEMENT-HEALTH AND SAFETY-FIRE SAFETY
650 _aHEALTH AND SAFETY EXECUTIVE
650 _aCONSTRUCTION BEST PRACTICE PROGRAMME
650 _aCONSTRUCTION (DESIGN AND MANAGEMENT) REGULATIONS 1994
650 _aMANAGEMENT OF HEALTH AND SAFETY AT WORK REGULATIONS 1992
650 _aDANGEROUS SUBSTANCES AND EXPLOSIVE ATMOSPHERES REGULATIONS 2002
650 _aHEALTH AND SAFETY AT WORK ETC ACT 1974
690 _aHealth and safety
_96244
942 _n0
999 _c72759
_d72759